000 00515nmm a2200169Ia 4500
008 251105s9999||||xx |||||||||||||||||und||
041 _aspa
100 _aBujold, Lois Mcmaster
245 0 _aCetaganda :
_b Las aventuras de Miles Vorkosigan 5
264 _a[Madrid, España] :
_bEdiciones B,
_c2016
300 _a384 páginas
650 _aScience fiction & Fantasy
700 _aBujold, Lois Mcmaster
700 1 _a Auerbach, Margara
856 _uhttps://public.digitaliapublishing.com/a/54327
942 _cCF
999 _c63189
_d63189